[Event "GER-chT U20"]
[Site "Osnabrueck"]
[Date "2011.12.29"]
[Round "5.5"]
[White "Hoffmann, Sascha"]
[Black "Ahlswede, Christian"]
[Result "1/2-1/2"]
[WhiteElo "1685"]
[BlackElo "1554"]
[PlyCount "23"]
[EventDate "2011.12.27"]
[EventType "team-swiss"]
[EventRounds "7"]
[EventCountry "GER"]
[SourceTitle "CBM 146 Extra"]
[Source "ChessBase"]
[SourceDate "2012.02.29"]
[SourceVersion "1"]
[SourceVersionDate "2012.02.29"]
[SourceQuality "1"]
[WhiteTeam "Erfurt"]
[BlackTeam "Wilkau Hasslau Muldental"]
[WhiteTeamCountry "GER"]
[BlackTeamCountry "GER"]

1. e4 e5 2. Nf3 Nc6 3. d4 exd4 4. Nxd4 Bc5 5. Be3 Qf6 6. c3 Nge7 7. Be2 0-0 8. 0-0 Bb6 9. Qd2 d5 10. Bg5 Qe5 11. Bf4 Qf6 12. Bg5 1/2-1/2